Comuni della Provincia di Pisa - Statistics

Statistiche generali
  • Questo quiz è stato fatto 61 volte
  • Il punteggio medio è 15 su 37
Statistiche sulle risposte
Comune % Corretto
Pisa
90%
Pontedera
87%
Cascina
82%
Ponsacco
69%
Volterra
67%
Calci
64%
San Miniato
64%
San Giuliano Terme
54%
Buti
51%
Calcinaia
51%
Santa Croce sull'Arno
51%
Vecchiano
49%
Bientina
46%
Pomarance
46%
Peccioli
41%
Lajatico
38%
Vicopisano
38%
Casciana Terme Lari
36%
Castellina Marittima
33%
Chianni
33%
Castelfranco di Sotto
31%
Montescudaio
31%
Riparbella
31%
Santa Maria a Monte
31%
Capannoli
28%
Crespina Lorenzana
28%
Fauglia
28%
Guardistallo
28%
Montecatini Val di Cecina
26%
Orciano Pisano
26%
Santa Luce
26%
Terricciola
26%
Montopoli in Val d'Arno
23%
Palaia
23%
Monteverdi Marittimo
18%
Casale Marittimo
15%
Castelnuovo in Val di Cecina
10%
Nessun quiz corrispondente trovato
Distribuzione punteggi
Percentuale di utenti per punteggio
Percentile per numero di risposta
I tuoi punteggi nel tempo
Non hai fatto questo quiz